Business Mathematics. (Record no. 349092)
[ view plain ]
| 000 -LEADER | |
|---|---|
| fixed length control field | 00397 a2200145 4500 |
| 082 ## - DEWEY DECIMAL CLASSIFICATION NUMBER | |
| Classification number | 511.8 |
| 090 ## - LOCALLY ASSIGNED LC-TYPE CALL NUMBER (OCLC); LOCAL CALL NUMBER (RLIN) | |
| -- | 6743 |
| -- | 6743 |
| 100 ## - MAIN ENTRY--PERSONAL NAME | |
| Personal name | Mirza Mohammad Hasan |
| 245 ## - TITLE STATEMENT | |
| Title | Business Mathematics. |
| Remainder of title | For Students of Finance & Management. |
| Statement of responsibility, etc. | Mirza Mohammad Hasan |
| 250 ## - EDITION STATEMENT | |
| Edition statement | 3rd. |
| 260 ## - PUBLICATION, DISTRIBUTION, ETC. | |
| Place of publication, distribution, etc. | Karachi |
| Name of publisher, distributor, etc. | Farooq Kitab Ghar |
| Date of publication, distribution, etc. | 1986 |
| 300 ## - PHYSICAL DESCRIPTION | |
| Extent | 312p. |
| 500 ## - GENERAL NOTE | |
| General note | Paper cover |
| 942 ## - ADDED ENTRY ELEMENTS (KOHA) | |
| Institution code [OBSOLETE] | NBS |
| Koha item type | Book |
| Call number prefix | 511.8 HAS |
| Withdrawn status | Lost status | Damaged status | Not for loan | Permanent Location | Current Location | Date acquired | Total Checkouts | Full call number | Barcode | Date last seen | Date last checked out | Price effective from | Koha item type |
|---|---|---|---|---|---|---|---|---|---|---|---|---|---|
| Central Library (CL) | Central Library (CL) | 08/28/2013 | 2 | 511.8 HAS | NBS1032 | 10/05/2017 | 09/22/2017 | 08/28/2013 | Book |
